000
00247nam a22001217a 4500
082
_a
474
_b
NAG/N
100
_a
NAGAR,AMRUTHLAL
245
_a
NATGATT CHAACHI
260
_a
DELHI
_b
RAJPAL
300
_a
40
650
_a
STORY HINDI
_z
DELHI
942
_c
BK
999
_c
4759
_d
4759